LEADER 01377nam a2200277 u 4500 001 000000119283 003 CaOOAMICUS 005 20100118143727.0 008 100118t2008 gw ao u000 u ger u 020 $a978-3-16-149601-1 040 $aPUL$bita$dReb 245 00$aHermeneutik der Gleichnisse Jesu :$bmethodische Neuansätze zum Verstehen urchristlicher Parabeltexte /$chrsg. von Ruben Zimmermann ; unter Mitarbeit von Gabi Kern. 260 $aTübingen :$bMohr Siebeck,$c©2008. 300 $axii, 688 p. ;$c24 cm 490 1 $aWissenschaftliche Untersuchungen zum Neuen Testament ;$v231 504 $aBibliografia in nota. 650 4$aErmeneutica biblica.$0(OLS)http://pul/subject/33239 700 1 $aKern, Gabi.$0(OLS)http://pul/name/53139 700 1 $aZimmermann, Ruben.$0(OLS)http://pul/name/49214 830 0$aWissenschaftliche Untersuchungen zum Neuen Testament ;$v231.$0(OLS)http://pul/title/8628 850 $aPUL 852 $aPUL$W1$xSL Religione 1$y3$m16 H 231$j136882$qStampati$B135904$CPULBib$Z2$F135904 $H112228 $82 941 1 $a8 996 $6020$a978-3-16-149601-1$9(OLS)http://pul/number/143007 996 $6245$aHermeneutik der Gleichnisse Jesu :$bmethodische Neuansätze zum Verstehen urchristlicher Parabeltexte$9(OLS)http://pul/title/150097 996 $6260$aTübingen :$bMohr Siebeck$9(OLS)http://pul/publisher/52004 LEADER 01032nam a2200265 u 4500 001 000000091522 003 CaOOAMICUS 005 20070226124835.0 008 060322s1947 it u000 u ita u 035 $a11082351 040 $aPUL(R)$bita 100 1 $aPirelli, Luigi,$dsac.$0(OLS)http://pul/name/58463 245 10$aMolta la messe pochi gli operai :$bcausae, rimedi /$cLuigi Pirelli. 260 $aMilano :$bÀncora,$c1947. 300 $a91 p, ;$c19 cm 490 1 $aRagguagli sacerdotali ;$v3 650 4$aSacerdozio.$0(OLS)http://pul/subject/211 830 0$aRagguagli sacerdotali ;$v3.$0(OLS)http://pul/title/113551 850 $aPUL 852 $aPUL$W1$xDP1 Fondo Gelio$y54$m5 C 41$j41619$nBK-PRI$b $qFondi$B115264$CPULBib$Z2$F115264 $H $81 941 1 $a1 960 $aOrdine sacro$9211 960 $aOrdine sacro$9211 996 $6245$aMolta la messe pochi gli operai :$bcausae, rimedi$9(OLS)http://pul/title/118115 996 $6260$aMilano :$bÀncora$9(OLS)http://pul/publisher/53070